Normal view
MARC view
- POETRY / American / African American
Entry Topical Term
001 - CONTROL NUMBER
- control field: 94768
003 - CONTROL NUMBER IDENTIFIER
- control field: NUST
005 - DATE AND TIME OF LATEST TRANSACTION
- control field: 20220724164926.0
008 - FIXED-LENGTH DATA ELEMENTS
- fixed length control field: 220724|| aca||aabn | a|a d
040 ## - CATALOGING SOURCE
- Original cataloging agency: NUST
- Transcribing agency: NUST
150 ## - HEADING--TOPICAL TERM
- Topical term or geographic name entry element: POETRY / American / African American
670 ## - SOURCE DATA FOUND
- Source citation: Work cat.: (NUST)0: Walker, Alice, 1944- author. 94766, Taking the arrow out of the heart :
